System based integrated nutrient management (Record no. 43151)

MARC details
000 -LEADER
fixed length control field 00481nam a2200169Ia 4500
020 ## - INTERNATIONAL STANDARD BOOK NUMBER
ISBN 9789381450055
082 ## - DEWEY DECIMAL CLASSIFICATION NUMBER
Classification number 631.81:65
Item number GAN
100 ## - MAIN ENTRY--AUTHOR NAME
Personal name GANGWAR, B
245 #0 - TITLE STATEMENT
Title System based integrated nutrient management
260 ## - PUBLICATION, DISTRIBUTION, ETC. (IMPRINT)
Place of publication New India Publishing Agency
Name of publisher New Delhi
Year of publication 2012
650 ## - SUBJECT ADDED ENTRY--TOPICAL TERM
Topical Term Carbon sequestration
650 ## - SUBJECT ADDED ENTRY--TOPICAL TERM
Topical Term Soil carbon management
650 ## - SUBJECT ADDED ENTRY--TOPICAL TERM
Topical Term Soil nutrient management
700 ## - ADDED ENTRY--PERSONAL NAME
Personal name SINGH, V K
942 ## - ADDED ENTRY ELEMENTS (KOHA)
Koha item type Books
Holdings
Withdrawn status Lost status Damaged status Not for loan Home library Current library Date acquired Cost, normal purchase price Full call number Accession Number Koha item type
        RRII Library RRII Library 16/12/2021 2250.00 631.81:65 GAN 23417 Books